Whole-life carbon assessments (Record no. 121408)

MARC details
000 -LEADER
fixed length control field 02035nam a22002777a 4500
008 - FIXED-LENGTH DATA ELEMENTS--GENERAL INFORMATION
fixed length control field 230327e20230307xxk|||||o|||| 00| 0 eng d
041 ## - LANGUAGE CODE
Language code of text/sound track or separate title eng
110 ## - MAIN ENTRY--CORPORATE NAME
Corporate author Royal Institution of Chartered Surveyors
245 ## - TITLE STATEMENT
Title Whole-life carbon assessments
Subtitle 2nd edition consultation
Medium [Electronic resource]
260 ## - PUBLICATION INFORMATION
Place of publication London,
Publisher Royal Institution of Chartered Surveyors,
Date 7 March 2023
300 ## - PHYSICAL DESCRIPTION
Physical description 151p.
490 ## - SERIES TITLE
Series statement RICS Consultation
520 ## - ABSTRACT
Abstract RICS consultation on the second edition of Whole life carbon assessments in the built environment - a standard which mandates a methodology to track all carbon emissions from production of materials, construction process, use and disposal of built assets over their entire life cycle. Consultation opened 7 March 2023 and closed 18 April 2023. Should be read in conjunction with other materials available on the iConsult page including the Consultation overview which provides important information about the standard, including its purposes, status and aims, as well as setting out RICS' objectives of this consultation.
650 ## - KEYWORDS
Keywords NET ZERO
650 ## - KEYWORDS
Keywords CARBON EMISSIONS
650 ## - KEYWORDS
Keywords WHOLE LIFE APPRAISAL
651 ## - SUBJECT ADDED ENTRY--GEOGRAPHIC NAME
Geographic name International
690 ## - BROAD SUBJECT
9 (RLIN) 6238
Broad subject Environment
690 ## - BROAD SUBJECT
9 (RLIN) 6263
Broad subject Quantity surveying
710 ## - ADDED CORPORATE NAME
Added corporate author Royal Institution of Chartered Surveyors
856 ## - ONLINE RESOURCE
Uniform Resource Identifier <a href="https://consultations.rics.org/whole_life_carbon_standard/consultationHome">https://consultations.rics.org/whole_life_carbon_standard/consultationHome</a>
Public note Consultation homepage on RICS iConsult
856 ## - ONLINE RESOURCE
Uniform Resource Identifier <a href="https://consultations.rics.org/gf2.ti/f/1479074/161189029.1/PDF/-/Whole%20Life%20Carbon%20Assessments%20PS%20Consultation%20Draft%20March%202023.pdf">https://consultations.rics.org/gf2.ti/f/1479074/161189029.1/PDF/-/Whole%20Life%20Carbon%20Assessments%20PS%20Consultation%20Draft%20March%202023.pdf</a>
Public note pdf of the consultation document
856 ## - ONLINE RESOURCE
Uniform Resource Identifier <a href="https://consultations.rics.org/gf2.ti/f/1479074/160871909.1/DOCX/-/2.%20WLCA%20Consultation%20summary%20document.docx">https://consultations.rics.org/gf2.ti/f/1479074/160871909.1/DOCX/-/2.%20WLCA%20Consultation%20summary%20document.docx</a>
Public note Consultation summary with objectives
856 ## - ONLINE RESOURCE
Uniform Resource Identifier <a href="https://www.rics.org/profession-standards/rics-standards-and-guidance/sector-standards/construction-standards/whole-life-carbon-assessment">https://www.rics.org/profession-standards/rics-standards-and-guidance/sector-standards/construction-standards/whole-life-carbon-assessment</a>
Public note View the second edition published Sept 2023
942 ## - ADDED ENTRY ELEMENTS (KOHA)
Suppress in OPAC Do not suppress in OPAC
Holdings
Lost status Damaged status Not for loan Current library Shelving location Date acquired Total Checkouts Full call number Date last seen Price effective from Koha item type
      Virtual Online 27/03/2023   RICS iConsult 27/03/2023 27/03/2023 Online material